000 00875nam a22002417a 4500
999 _c17100
_d17100
003 AR-CdUCM
008 190507b ||||| |||| 00| 0 spa d
040 _aMUNICIPALIDAD PROVINCIAL DEL CUSCO
_cBIBLIOTECA MUNICIPAL DEL CUSCO
082 _a335.09 /
_bOW94
100 _aOwen, Robert.
_936941
245 _aPrecursores del socialismo /
260 _aMexico :
_bGrijalbo,
_c1970.
300 _a159 páginas ;
_c19 cm.
440 _aColección 70.
_n91.
_936942
505 _aContenido :El libro del nuevo mundo moral -- La organización del trabajo -- La esclavitud moderna -- Principios y doctrinas sobre la comunidad ...
650 _aPrecursores.
_915186
650 _aSocialismo.
_91037
700 _aLammenais, Felicite Robert de,
_936943
700 _aCabet, Etienne.
_936944
700 _aBlanc, Louis.
_936945
942 _2ddc
_cLIBROS
945 _arum
_d2019-05-07